000 00705cam a2200265 a 4500
005 20260322212013.0
008 data
010 _a81065176
020 _a0809259591 (pbk.)
020 _a0809259583
020 _a9780809259588
020 _a9780809259595 (pbk.)
040 _aDLC
_cDLC
_dBGU
_dBGU
050 0 _aRA781.15
_b.S28 1981
092 _a613.7 S28 1981
100 1 _aSawyer, Phyllis.
245 1 0 _aAerobic dancing a step at a time /
_cPhyllis Sawyer & Pat Thornton.
260 0 _aChicago :
_bContemporary Books,
_cc1981.
300 _aix, 99 p. :
_bill. ;
_c23 cm.
500 _aIncludes index.
650 0 _aAerobic exercises.
650 0 _aDance.
700 1 _aThornton, Pat.
001 data
999 _c271
_d271